Использование product placement в MMORPG; Актуальные проблемы гуманитарных наук

Detalles Bibliográficos
Parent link:Актуальные проблемы гуманитарных наук.— 2011.— [С. 35-37]
Autor principal: Никитина Л.
Otros Autores: Крапчунов Д. Е. Даниил Евгеньевич
Sumario:Заглавие с титульного листа
Lenguaje:ruso
Publicado: 2011
Colección:Связи с общественностью и реклама
Materias:
Acceso en línea:http://www.lib.tpu.ru/fulltext/c/2011/C20/017.pdf
Formato: Electrónico Capítulo de libro
KOHA link:https://koha.lib.tpu.ru/cgi-bin/koha/opac-detail.pl?biblionumber=236258

MARC

LEADER 00000naa2a2200000 4500
001 236258
005 20260105165026.0
035 |a (RuTPU)RU\TPU\book\257407 
035 |a RU\TPU\book\257398 
090 |a 236258 
100 |a 20130422d2011 k y0rusy50 ca 
101 0 |a rus 
102 |a RU 
135 |a drnn ---uucaa 
181 0 |a i  
182 0 |a b 
200 1 |a Использование product placement в MMORPG  |f Л. Никитина, Д. Е. Крапчунов 
203 |a Текст  |c электронный 
215 |a 1 файл (494 Кб) 
225 1 |a Связи с общественностью и реклама 
300 |a Заглавие с титульного листа 
320 |a [Библиогр.: с. 37 (6 назв.)] 
337 |a Adobe Reader 
463 1 |0 (RuTPU)RU\TPU\book\256720  |t Актуальные проблемы гуманитарных наук  |o сборник научных трудов студентов, аспирантов и молодых ученых 21-22 апреля 2011 г., Томск  |f Национальный исследовательский Томский политехнический университет (ТПУ)   |v [С. 35-37]  |d 2011 
610 1 |a труды учёных ТПУ 
610 1 |a электронный ресурс 
610 1 |a product placement 
610 1 |a ролевые игры 
610 1 |a MMORPG 
610 1 |a игровые подходы 
610 1 |a реклама 
700 1 |a Никитина  |b Л. 
701 1 |a Крапчунов  |b Д. Е.  |c российский специалист в области культурологии  |c доцент Томского политехнического университета, кандидат философских наук  |f 1979-  |g Даниил Евгеньевич  |3 (RuTPU)RU\TPU\pers\24669 
801 2 |a RU  |b 63413507  |c 20130422  |g RCR 
856 4 |u http://www.lib.tpu.ru/fulltext/c/2011/C20/017.pdf 
942 |c CF